000 00385 a2200157 4500
001 74756
020 _a9788581810782
040 _cAnchieta - Colégio São Paulo
100 _aGiardino, Cláudio
240 1 0 _aGeografia nos dias de hoje 8ºano
_lpor
245 1 0 _aGeografia nos dias de hoje 8ºano
300 _a96
362 0 _a2012
650 4 _aGeografia e viagens
942 _cBK
999 _c74756
_d74756